000
00297nam a22001337a 4500
008
170508b xxu||||| |||| 00| 0 eng d
020
_a
9781566628686
041
_a
eng
080
_2
3RD
_a
342
100
_a
15
101
_a
SHJ
245
_a
ELEMENTS OF BANKRUPTCY
_c
BAIRD, D.G
942
_2
udc
_c
BK
999
_c
12948
_d
12948